000 00667nam a22002177a 4500
003 BD-DhJNU
005 20250427023904.0
008 250427b |||||||| |||| 00| 0 eng d
020 _a0198761082
020 _a0198761090
040 _aBD-DhJNU
_bENG
_cBD-DhJNU
_dBD-DhJNU
082 _223
_a301
245 _aReadings in Marxist sociology /
_cEdited by Tom Bottomore and Patrick Goode
260 _aOxford :
_bClarendon Press,
_c1983.
300 _avii, 303 p. :
_c22 cm.
504 _aincludes bibliographical reference and index
650 _aCommunism and society
700 _aBottomore, Tom
_eEditor
700 _aGoode, Patrick
_eEditor
942 _2ddc
_cBK
_n0
999 _c1614
_d1614